| 000 | 00823nam a22002417a 4500 | ||
|---|---|---|---|
| 005 | 20170124110223.0 | ||
| 010 | _aA-997062 | ||
| 020 |
_c450.00 _a8185398445 |
||
| 035 | _aA-997062 | ||
| 037 | _bCen Lib/Ret | ||
| 040 |
_aDPL _bEN |
||
| 082 |
_a343.064 _bSUB |
||
| 100 |
_aSubramanian, N. _940285 |
||
| 245 |
_aBharat's taxation of trusts : _cby N. Subramanian [and] T.N. Pandey _bpublic & Private including wakfs / |
||
| 260 |
_aNew Delhi _bBharat Publishing House _c1999 |
||
| 270 |
_bNew Delhi _e110034 _a222 tarun enclve, pitampura |
||
| 300 |
_a624p. _c23cm(Hb) |
||
| 500 | _aIncludes index | ||
| 650 |
_aTrusts and trustees _xTaxation _940286 |
||
| 650 |
_aCharitable uses, trusts, and foundations _xTaxation _940287 |
||
| 700 |
_aPandey, T.N. _940288 |
||
| 942 |
_2ddc _cEN _h343.064 _mSUB |
||
| 999 |
_c134272 _d134272 |
||